Employment law : (Record no. 33098)
[ view plain ]
| 000 -LEADER | |
|---|---|
| fixed length control field | 00951nam a22002417a 4500 |
| 003 - CONTROL NUMBER IDENTIFIER | |
| control field | OSt |
| 005 - DATE AND TIME OF LATEST TRANSACTION | |
| control field | 20241008113603.0 |
| 008 - FIXED-LENGTH DATA ELEMENTS--GENERAL INFORMATION | |
| fixed length control field | 241008b |||||||| |||| 00| 0 eng d |
| 020 ## - INTERNATIONAL STANDARD BOOK NUMBER | |
| International Standard Book Number | 9789966531032 |
| 020 ## - INTERNATIONAL STANDARD BOOK NUMBER | |
| International Standard Book Number | 9966531032 |
| 040 ## - CATALOGING SOURCE | |
| Original cataloging agency | MMU |
| Language of cataloging | eng |
| Description conventions | MMU |
| Transcribing agency | MMU |
| 050 ## - LIBRARY OF CONGRESS CALL NUMBER | |
| Classification number | KSK 1220 .O384 2022 |
| 100 1# - MAIN ENTRY--PERSONAL NAME | |
| Personal name | Ogembo, George |
| Relator term | author. |
| 9 (RLIN) | 2009 |
| 245 10 - TITLE STATEMENT | |
| Title | Employment law : |
| Remainder of title | guide for employers / |
| Statement of responsibility, etc. | George Ogembo. |
| 250 ## - EDITION STATEMENT | |
| Edition statement | Second Edition. |
| 264 #1 - PRODUCTION, PUBLICATION, DISTRIBUTION, MANUFACTURE, AND COPYRIGHT NOTICE | |
| Place of production, publication, distribution, manufacture | Nairobi, Kenya : |
| Name of producer, publisher, distributor, manufacturer | Law Africa Publishing (K) Ltd., |
| Date of production, publication, distribution, manufacture, or copyright notice | [2022] |
| 300 ## - PHYSICAL DESCRIPTION | |
| Extent | lxxi, 637 pages ; |
| Dimensions | 21 cm |
| 504 ## - BIBLIOGRAPHY, ETC. NOTE | |
| Bibliography, etc | Includes bibliographical references (page [639]). |
| 650 #0 - SUBJECT ADDED ENTRY--TOPICAL TERM | |
| Topical term or geographic name as entry element | Labor laws and legislation |
| Geographic subdivision | Kenya. |
| 9 (RLIN) | 2010 |
| 650 #7 - SUBJECT ADDED ENTRY--TOPICAL TERM | |
| Topical term or geographic name as entry element | Labor laws and legislation |
| Source of heading or term | fast |
| 9 (RLIN) | 2011 |
| 775 08 - OTHER EDITION ENTRY | |
| Relationship information | Revision of: |
| Main entry heading | Ogembo, George A. |
| Title | Employment law : guide for employers. |
| Place, publisher, and date of publication | Nairobi, Kenya : Law Africa Publishing (K) Ltd., [2014] |
| International Standard Book Number | 9789966530080 |
| Record control number | (OCoLC)1031908823 |
| 942 ## - ADDED ENTRY ELEMENTS (KOHA) | |
| Source of classification or shelving scheme | Library of Congress Classification |
| Koha item type | L |
| Edition | Second edition. |
| Withdrawn status | Lost status | Source of classification or shelving scheme | Damaged status | Not for loan | Home library | Current library | Date acquired | Source of acquisition | Cost, normal purchase price | Total Checkouts | Full call number | Barcode | Date last seen | Price effective from | Koha item type |
|---|---|---|---|---|---|---|---|---|---|---|---|---|---|---|---|
| Library of Congress Classification | Maasai Mara University Library -Main Campus | Maasai Mara University Library -Main Campus | 10/08/2024 | purchased | 4510.00 | KSK 1220 .O384 2022 | 24040129 | 10/08/2024 | 10/08/2024 | L |